|
|
|
|
| LEADER |
00000cam a2200000 a 4500 |
| 001 |
vtls008703189 |
| 003 |
SK-MaSNL |
| 005 |
20260301205530.0 |
| 008 |
240318s2006 xr a f 001 0dcze |
| 020 |
|
|
|a 8024711206
|q (brož.)
|
| 040 |
|
|
|a SNK
|b slo
|c SNK
|e AACR2
|
| 041 |
0 |
|
|a cze
|
| 044 |
|
|
|a xr
|c CZ
|
| 072 |
|
7 |
|a 616-053.2
|x Pediatria
|2 konspekt
|
| 080 |
|
|
|a 616.12-053.2
|2 2001
|
| 080 |
|
|
|a (035)
|2 2001
|
| 100 |
1 |
|
|a Rucki, Štěpán,
|d 1962-
|4 aut
|9 591780
|
| 245 |
1 |
0 |
|a Kardiologické minimum pro praktické dětské lékaře
|c Štěpán Rucki, Pavel Vít
|
| 250 |
|
|
|a 1. vyd.
|
| 260 |
|
|
|a Praha
|b Grada
|c 2006
|
| 300 |
|
|
|a 140 s.
|b ilustr., grafy, tab.
|c 21 cm
|
| 500 |
|
|
|a Na obale logo Avicenum
|
| 650 |
0 |
7 |
|a detská kardiológia
|2 SNKPH
|9 87993
|
| 650 |
0 |
7 |
|a Pediatric cardiology
|2 SNKPHeng
|9 336221
|
| 655 |
|
7 |
|a príručky
|2 SNKPH
|9 74364
|
| 655 |
|
7 |
|a Handbooks, manuals, etc.
|2 SNKPHeng
|9 90964
|
| 700 |
1 |
|
|a Vít, Pavel,
|d 1959-
|4 aut
|9 115786
|
| 919 |
|
|
|a 80-247-1120-6
|
| 999 |
|
|
|c 910484
|d 912414
|
| 952 |
|
|
|t snkRUC 616.1
|a SNKUST
|b SNKUST
|y PREZ
|7 0
|p 17A0569711
|o snkIC 136620
|i snk2008/11774
|8 3
|g 8.93
|0 0
|1 0
|4 0
|d 2008-06-04
|l 0
|r 2025-05-28 00:00:00
|w 2026-02-24
|